Imigracionyj diskurs v materialach globalnych SMI

Analýza zastúpenia migrantov, utečencov a žiadateľov o azyl v predvečer referenda EÚ v roku 2016.

Gespeichert in:
Bibliographische Detailangaben
1. Verfasser: Štefančík, Radoslav, 1976-
Weitere Verfasser: Stanislavovna Matytsina, Marina
Format: Buchkapitel
Sprache:Russisch
Schlagworte:
Tags: Tag hinzufügen
Keine Tags, Fügen Sie das erste Tag hinzu!

MARC

LEADER 00000naa a2200000 4500
001 0250177
005 20240502074015.9
041 0 |a rus 
044 |a SK 
245 1 0 |a Imigracionyj diskurs v materialach globalnych SMI  |c Radoslav Štefančík, Marina Stanislavovna Matytsina 
520 |a Analýza zastúpenia migrantov, utečencov a žiadateľov o azyl v predvečer referenda EÚ v roku 2016. 
610 2 0 |a médiá 
610 2 0 |a migrácia 
610 2 0 |a referendum 
610 2 0 |a Veľká Británia 
100 1 |a Štefančík, Radoslav, 1976- 
700 1 |a Stanislavovna Matytsina, Marina